| 000 | 00497nam a22001697a 4500 | ||
|---|---|---|---|
| 005 | 20240911084127.0 | ||
| 008 | 240911b sa ||||| |||| 00| 0 eng d | ||
| 020 |
_a9780340377635 _qpbk |
||
| 040 |
_aRDA _c3228 |
||
| 082 |
_223 _aEJF FARL |
||
| 100 |
_aWalter Farley _d1915-1989. _9188817 |
||
| 245 |
_aThe black stallion legend _cWalter Farley. |
||
| 260 |
_aSevenoaks : _b Knight, _c1985 |
||
| 300 |
_a177 pages; _c20 cm. |
||
| 650 |
_aChildren's stories in English _9188818 |
||
| 942 |
_2ddc _cBK _w375 _xRosinah Mosako _y375 _zRosinah Mosako |
||
| 999 |
_c767446 _d767445 |
||